| 000 | 00546cam a2200157 4500500 | ||
|---|---|---|---|
| 005 | 20251012032454.0 | ||
| 041 | _afre | ||
| 042 | _adc | ||
| 100 | 1 | 0 |
_aBaladier, Charles _eauthor |
| 700 | 1 | 0 |
_a Sesé, Bernard _eauthor |
| 245 | 0 | 0 | _aÉrôs au Moyen Âge. Amour, désir et « delectatio morosa », éditions du Cerf, Paris, 1999, 221 p. |
| 260 | _c2000. | ||
| 500 | _a16 | ||
| 786 | 0 | _nSigila | 5 | 1 | 2000-06-20 | p. 188-188 | 1286-1715 | |
| 856 | 4 | 1 | _uhttps://shs.cairn.info/revue-sigila-2000-1-page-188?lang=fr&redirect-ssocas=7080 |
| 999 |
_c1547351 _d1547351 |
||